75 Readings plus (Record no. 26096)

MARC details
000 -LEADER
fixed length control field 00598nam a22002057a 4500
003 - CONTROL NUMBER IDENTIFIER
control field OSt
005 - DATE AND TIME OF LATEST TRANSACTION
control field 20260703130857.0
008 - FIXED-LENGTH DATA ELEMENTS--GENERAL INFORMATION
fixed length control field 260703b |||||||| |||| 00| 0 eng d
040 ## - CATALOGING SOURCE
Transcribing agency Chuka University
050 ## - LIBRARY OF CONGRESS CALL NUMBER
Classification number PE 1417
Item number . B68 2001
100 ## - MAIN ENTRY--PERSONAL NAME
Personal name Buscemi Santi
9 (RLIN) 32965
245 ## - TITLE STATEMENT
Title 75 Readings plus
250 ## - EDITION STATEMENT
Edition statement 8th edition
260 ## - PUBLICATION, DISTRIBUTION, ETC.
Place of publication, distribution, etc. Boston
Name of publisher, distributor, etc. McGraw Hill
Date of publication, distribution, etc. 2007
300 ## - PHYSICAL DESCRIPTION
Extent Various pagings
650 ## - SUBJECT ADDED ENTRY--TOPICAL TERM
Topical term or geographic name entry element College Reading
9 (RLIN) 32966
650 ## - SUBJECT ADDED ENTRY--TOPICAL TERM
Topical term or geographic name entry element English Language-- rhetoric problems , exercises
9 (RLIN) 30452
650 ## - SUBJECT ADDED ENTRY--TOPICAL TERM
Topical term or geographic name entry element Report writing--- Problems, exercises
9 (RLIN) 31138
942 ## - ADDED ENTRY ELEMENTS (KOHA)
Source of classification or shelving scheme Library of Congress Classification
Koha item type Short Loan Books
Suppress in OPAC No
Holdings
Withdrawn status Lost status Source of classification or shelving scheme Damaged status Not for loan Collection Home library Current library Shelving location Date acquired Source of acquisition Total Checkouts Full call number Barcode Date last seen Copy number Price effective from Koha item type
    Library of Congress Classification     General Collection Books Main Campus Library Main Campus Library General Stacks 03/07/2026 Donations From Books For Africa   PE 1417 .B8 2007 37324/2026 03/07/2026 1 03/07/2026 Short Loan Books

Powered by Koha